00830nam a2200241 a 450000100060000000300080000600500170001400800410003102000330007202000260010503500190013104000270015004100080017708200260018524501230021126000620033430000210039650400640041760000380048165000260051970000170054570000260056256804BD-RjUL20211209080432.0161204s1991 enk b 001 0 eng  a0860372103 (pbk.) :c£14.50 a0860372111 (hardback) a(BD-RjUL)56928 aDLCcDLCdBD-RjULbeng aeng00a297.216223bSAC 199110aSacrilege versus civility :bMuslim perspectives on the Satanic verses affair /cedited by M.M. Ahsan and A.R. Kidwai. aMarkfield, Leicester, U.K. :bIslamic Foundation,cc1991. a383 p. ;c21 cm. aIncludes bibliographical references (p. 343-375) and index.10aRushdie, Salman.tSatanic verses. 0aIslam and literature.1 aAhsan, M. M.1 aKidwai, Abdur Raheem.